Psicología humana

সংরক্ষণ করুন:
গ্রন্থ-পঞ্জীর বিবরন
প্রধান লেখক: Ferraz, Joao de Sousa (Author)
বিন্যাস: গ্রন্থ
ভাষা:স্প্যানিশ
প্রকাশিত: Buenos Aires Américalee 1956
সংস্করন:4a. ed
মালা:Biblioteca de cultura social
বিষয়গুলি:
ট্যাগগুলো: ট্যাগ যুক্ত করুন
কোনো ট্যাগ নেই, প্রথমজন হিসাবে ট্যাগ করুন!

MARC

LEADER 00000nam a2200000 a 4500
001 UCY5636
003 CL-VaPUC
008 950512e19560000AG |||||||||||||||||spa|d
082 0 4 |a 150  |b FER  |2 21 
100 0 |a Ferraz, Joao de Sousa  |e author  |9 334640 
245 1 0 |a Psicología humana 
250 |a 4a. ed 
300 |a 382 p 
942 |c BK 
945 |d 19950512 00:00:00  |a mfernand 
260 |a Buenos Aires  |b Américalee  |c 1956 
650 0 |a Psicología   |9 257863 
650 0 |a Metodología   |9 256610 
650 7 |a INVESTIGACION PSICOLOGICA  |2 CL-VaPUC  |9 309030 
650 7 |a PSICOFISIOLOGIA  |2 CL-VaPUC  |9 307700 
650 7 |a INCONSCIENTE  |2 CL-VaPUC  |9 334612 
650 0 |a Psicología profunda   |9 334257 
650 0 |a Sueño  |9 334635 
650 0 |a Influencia social  |9 334641 
650 7 |a INSTINTOS  |2 CL-VaPUC  |9 334636 
650 0 |a Comportamiento   |9 308406 
650 0 |a Inteligencia  |9 267038 
650 7 |a SENSACION  |2 CL-VaPUC  |9 334611 
650 0 |a Percepción   |9 266750 
650 0 |a Memoria  |9 266549 
650 0 |a Imaginación  |9 269378 
583 |a last modification  |c 19950512 00:00:00  |k Rodrigo Vera 
490 0 |a Biblioteca de cultura social 
999 |c 233268  |d 233266 
952 |0 0  |1 0  |4 0  |6 150_000000000000000_FER_1956  |7 0  |8 P  |9 238675  |a BIBEDU  |b BIBEDU  |c BIBEDU_PB  |d 2019-11-18  |i 1503286  |o 150 FER 1956  |p 1503286  |r 2024-01-25  |w 2019-11-18  |y BK  |k EDU